ՀՀ Գիտությունների ազգային ակադեմիայի հիմնարար գիտական գրադարան  =   Fundamental Scientific Library of NAS RA

Պիոներ դպրոցականների հանրապետական վեցերորդ շախմատային տուրնիր : (Record no. 151527)

MARC details
000 -LEADER
fixed length control field 00751nam a2200193 a 4500
001 - CONTROL NUMBER
control field 000400267
003 - CONTROL NUMBER IDENTIFIER
control field AM-YeHGA
005 - DATE AND TIME OF LATEST TRANSACTION
control field 20250617132454.0
008 - FIXED-LENGTH DATA ELEMENTS--GENERAL INFORMATION
fixed length control field 041223s1939 ai 000 | arm d
040 ## - CATALOGING SOURCE
Original cataloging agency AM-YeHGA
041 0# - LANGUAGE CODE
Language code of text/sound track or separate title arm
090 ## - LOCALLY ASSIGNED LC-TYPE CALL NUMBER (OCLC); LOCAL CALL NUMBER (RLIN)
-- 152920
245 00 - TITLE STATEMENT
Title Պիոներ դպրոցականների հանրապետական վեցերորդ շախմատային տուրնիր :
Remainder of title Հունվար 1940 թ. /
Statement of responsibility, etc. Հայկ. ԽՍՀ Լուսժողկոմատ ; Խմբ.՝ Ա. Մալխասյան.
260 ## - PUBLICATION, DISTRIBUTION, ETC.
Place of publication, distribution, etc. Յերևան :
Name of publisher, distributor, etc. Խորհրդային Հայաստան,
Date of publication, distribution, etc. 1939.
300 ## - PHYSICAL DESCRIPTION
Extent 19 էջ ;
Dimensions 17 սմ.
650 14 - SUBJECT ADDED ENTRY--TOPICAL TERM
Topical term or geographic name entry element Սպորտ
General subdivision Շախմատ
700 1# - ADDED ENTRY--PERSONAL NAME
Personal name Մալխասյան, Ա.
Relator term խմբ.
Relationship edt
710 2# - ADDED ENTRY--CORPORATE NAME
Corporate name or jurisdiction name as entry element Լուսժողկոմատ ՀԽՍՀ
Holdings
Withdrawn status Lost status Damaged status Not for loan Collection Home library Current library Date acquired Total checkouts Full call number Barcode Date last seen Price effective from Koha item type Public note
        General Fundamental Scientific Library Fundamental Scientific Library 28/12/2016   AI/4050 FL0038297 28/12/2016 28/12/2016 Գրքեր / Books 30 Days Loan


ՀՀ ԳԱԱ հիմնարար գիտական գրադարան
ՀՀ,Երևան 0019
Մարշալ Բաղրամյան 24/6
հեռախոս:(374-10) 52-47-50
Հետադարձ կապ

All site content, except where otherwise noted, is licensed under a
Creative Commons License